000 02268cam a22003254a 4500
999 _c10076
_d10076
001 14377000
003 OSt
005 20210215154038.0
008 060515s2006 nyu b 000 0 eng
010 _a 2006016169
020 _a1591024765 (hardcover : alk. paper)
020 _a9781591024767 (hardcover : alk. paper)
035 _a(OCoLC)ocm69241436
035 _a(OCoLC)69241436
040 _aDLC
_cDLC
_dDLC
042 _apcc
050 0 0 _aBL2775.3
_b.P945R
082 0 0 _a211/.4
_222
_bP945R
100 1 _aPrice, Robert M.,
_d1954-
245 1 4 _aThe reason-driven life :
_bwhat am I here on earth for? /
_cRobert M. Price.
260 _aAmherst, N.Y. :
_bPrometheus Books,
_cc2006.
300 _a363 p. ;
_c24 cm.
504 _aIncludes bibliographical references (p. 357-363).
505 0 _aIt is about you -- You are a work of art -- One track mind? -- Sons of dust -- My view is God's view -- No changes are permanent, but change is -- The mystery of everything -- God : planned for our pleasure -- What makes me sick -- The achilles heel of worship -- Becoming imaginary friends with God -- Providence and superstition -- Worship that creates God -- I cant get no sanctification -- Joining the sect -- The greatest of these -- A place to conform -- Heretics anonymous -- Price's Ten commandments -- Healing religious divisions -- Damage control -- The character of Christ -- When is a religion not a religion? -- This paper idol -- Jesus with a jackhammer -- Satan's Sunday school -- Temp job -- Jerusalem wasnt built in a day -- Service industry -- Cut out the holy ghost noise! -- Cogs for Christ -- Being who you are -- How twisted texts scream -- Meetings with unremarkable men -- War is peace/freedom, is slavery/weakness is strength -- Made into missionaries -- Fabricating your life message -- The hidden agenda of witnessing -- Juggling your life -- Not without reason.
650 0 _aChristianity
_vControversial literature.
856 4 1 _3Table of contents
_uhttp://www.loc.gov/catdir/toc/ecip0614/2006016169.html
906 _a7
_bcbc
_corignew
_d1
_eecip
_f20
_gy-gencatlg
942 _2ddc
_cBK